Statistiche per Conduttori di "Reazione a catena"

Clicka qui per fare il quiz!

Statistiche generali

  • Questo quiz è stato fatto 24 volte
  • Il punteggio medio è 4 su 5

Statistiche sulle risposte

Risposta% Corretto
Amadeus
100%
Pupo
91%
Marco Liorni
78%
Pino Insegno
70%
Gabriele Corsi
57%

Distribuzione punteggi

Percentile per numero di risposta

Percentuale di utenti per punteggio

I tuoi punteggi nel tempo

Non hai fatto questo quiz